Kongzi jiao yu xue shuo /

Disimpan dalam:
Butiran Bibliografi
Pengarang Utama: Yu, Jiaju, 1898-1976.
Format: Buku
Bahasa:Chinese
Diterbitkan: Shanghai : Zhonghua shu ju, Min guo 23 [1934]
Subjek-subjek:
Penanda-penanda: Tambah Penanda
Tiada Penanda, Jadilah orang pertama menanda rekod ini!
LEADER 00834cam a2200241 a 4500
001 007724133-9
005 20024617103528.0
008 870406r19871934ctu 000 0 chi d
035 0 |a ocm16154327 
040 |a CtY  |c CtY  |d OCoLC  |d *YNH*  |d CStRLIN 
100 1 |6 880-01  |a Yu, Jiaju,  |d 1898-1976. 
245 1 0 |6 880-02  |a Kongzi jiao yu xue shuo /  |c Yu Jiaju zhu. 
260 |6 880-03  |a Shanghai :  |b Zhonghua shu ju,  |c Min guo 23 [1934] 
300 |a 2, 4, 148 p. ;  |c 21 cm. 
500 |6 880-04  |a Fu: Kongzi zhi zheng zhi guan (p. 133-148) 
650 0 |a Confucianism. 
600 0 0 |a Confucius. 
880 1 |6 100-01  |a 余家菊,  |d 1898-1976. 
880 1 0 |6 245-02  |a 孔子教育學說 /  |c 余家菊著. 
880 |6 260-03  |a 上海 :  |b 中華書局,  |c 民國23 [1934] 
880 |6 500-04  |a 附: 孔子之政治觀 (p. 133-148) 
988 |a 20021127 
906 |0 OCLC